00436 2200181 4500001002100000008004100021035002000062245004900082100001700131250000600148260002900154300001200183084001400195082000800209650001300217990001200230990001200242INLIS000000000000782 ind  a0010-0524000017 aSeri Ilmu Pintar Kimia Kelas XcM. Nurkhozim aM. Nurkhozim a1 aYogyakarta :bAndic2017 a382 hlm a540 NUR k a540 aNonFiksi a0740413 a0740414